000 00576nam a2200229Ia 4500
003 OSt
005 20250719152137.0
008 210423s2012 xx 000 0 und d
020 _a978-81-203-4579-9
040 _cAL
041 _aEnglish
082 _a070.44
_bRAOF
100 _aMeera Raghavendra Rao N
_993966
245 _aFeature writing
250 _a2
260 _aNew Delhi
_bPHI Learning Pvt Ltd
_c2012
300 _axii,198p.
_bPB
_c 23.5x15.5cm.
365 _b195
_cINR
650 _aJournalism
_993967
906 _aFeature ; writing
942 _2ddc
_cBK
999 _c170377
_d170377